Trhy juhovýchodnej Ázie môžu byť pre našich podnikateľov zaujímavé najmä v energetike a strojárstve

Obchodná misia Slovenskej obchodnej a priemyselnej komory (SOPK) v Indonézii, na Filipínach a v Singapure - ciele misie. Snaha o rozšírenie vzájomných obchodných vzťahov, hľadanie nových obchodných partnerov a zakladanie spoločných podnikov. Záujem o slovenský krištáľ, strojárske výrobky. Príprava r...

ver descrição completa

Na minha lista:
Detalhes bibliográficos
Autor principal: Oujezdská, Lena
Formato: Livro
Idioma:eslovaco
Assuntos:
Tags: Adicionar Tag
Sem tags, seja o primeiro a adicionar uma tag!

MARC

LEADER 00000nam a2200000 4500
001 r030999
005 20230921083304.5
041 0 |a slo 
044 |a SK 
245 1 0 |a Trhy juhovýchodnej Ázie môžu byť pre našich podnikateľov zaujímavé najmä v energetike a strojárstve  |c Lena Oujezdská 
520 |a Obchodná misia Slovenskej obchodnej a priemyselnej komory (SOPK) v Indonézii, na Filipínach a v Singapure - ciele misie. Snaha o rozšírenie vzájomných obchodných vzťahov, hľadanie nových obchodných partnerov a zakladanie spoločných podnikov. Záujem o slovenský krištáľ, strojárske výrobky. Príprava rokovaní o investičných možnostiach. 
610 2 0 |a SOPK Bratislava 
610 2 0 |a obchod zahraničný 
610 2 0 |a vývoz 
610 2 0 |a výrobky strojárske 
610 2 0 |a investície zahraničné 
610 2 0 |a Slovensko 
610 2 0 |a Indonézia 
610 2 0 |a Filipíny 
610 2 0 |a Singapur 
100 1 |a Oujezdská, Lena